La Organización comunal y Dinadeco 1964 - 1987 /
Guardat en:
| Autor principal: | |
|---|---|
| Autor corporatiu: | , |
| Format: | Text |
| Publicat: |
San José:
ICES
|
| Etiquetes: |
Afegir etiqueta
Sense etiquetes, Sigues el primer a etiquetar aquest registre!
|
MARC
| LEADER | 00000 a a2200000 04500 | ||
|---|---|---|---|
| 001 | 25925 | ||
| 003 | |||
| 040 | |||
| 090 | |a 174400 | ||
| 100 | |a Mora, Jorge Cayetano | ||
| 110 | |a Instituto Costarricense de Estudios Sociales | ||
| 245 | |a La Organización comunal y Dinadeco 1964 - 1987 / |c Instituto Costarricense de Estudios Sociales | ||
| 260 | |a San José: |b ICES | ||
| 300 | |a 219 p | ||
| 710 | |a ICES | ||
| 999 | |c 7662 |d 7662 | ||
